Joueurs du Barça 2021-2022 - Statistiques

Statistiques générales
  • Ce quiz a été pris 1 936 fois
  • Le résultat moyen est 14 sur 16
Statistiques - réponses
Par images Réponse % Correct
Dembele
98%
Pedri
98%
Piqué
96%
Aubameyang
93%
Ferran Torres
93%
Ter Stegen
93%
Araujo
92%
Alba
91%
Dani Alves
91%
Depay
91%
Busquets
88%
De Jong
87%
Adama
86%
Dest
85%
Riqui Puig
77%
Braithwaite
65%
Aucun quiz correspondant
Distribution des résultats
% des personnes avec chaque résultat
Percentile par nombre de réponses
Votre historique - résultats
Vous n’avez pas pris ce quiz